| 000 | 00772nam a22002171a 4500 | ||
|---|---|---|---|
| 001 | 11447 | ||
| 003 | OSt | ||
| 005 | 20260204212242.0 | ||
| 008 | 121108s2003||||ck ||||||b||||||||||spa|| | ||
| 020 | _a9589067662 | ||
| 050 | _a711 R299g | ||
| 100 | _a | ||
| 110 | _aRepública de Colombia. Departamento Administrativo Nacional de Estadística: Instituto Geográfico Agustin Codazzi | ||
| 245 | _aGestióo del suelo urbano: en el marco del ordenamiento territorial / Ivan Dario Gomez Guzman (Director) | ||
| 264 | _aColombia: Libertad y Orden | ||
| 300 | _a91 p | ||
| 500 | _aIncluye Bibliografía | ||
| 650 | _aPlaneamiento Urbano 2.Ordenamiento Territorial 3.Urbanismo | ||
| 700 | _aCardoba Delgado, JoséIgnacio II.Gomez Guzaman, Ivan DarioÌ | ||
| 942 |
_2ddc _cBK |
||
| 999 |
_c11447 _d11447 |
||